00553 a2200181 450000500170000001000150001702000260003203500140005803700090007208200180008110000180009924500440011725000060016126000460016727000800021330000280029350000500032120250306164834.0 aENG-143946 a9789394914032c750.00 aEN-127478 bDBAD14a701.1708209541 aAgrawal, V.S.1 aStudies in Indian Art/cby V.S. Agrawal a3 aVaranasibVishwavidyalaya Prakashanc2023 aChowk,bVaranasicVaranasie221001k0542-2413082, 2413741mwww.vvpbooks.com axiv,288p.;c25 cm. (Hb) aIncludes bibliographical references & index.